| 000 | 02249nam0a2200445 4500 | ||
|---|---|---|---|
| 001 | RU\NLR\bibl\888784 | ||
| 005 | 20260607052145.0 | ||
| 010 |
_a5-93649-019-X _91000 |
||
| 021 |
_aRU _b2005-61681 _93029 |
||
| 035 | _a(nilc)RSL-KNO-002714417 | ||
| 035 | _a(NLR Aleph) 000877302 | ||
| 090 |
_a1636876 _c1636876 |
||
| 100 | _a20050923d2005 |||y0rusy50 ca | ||
| 101 | 0 | _arus | |
| 102 | _aRU | ||
| 105 | _ay ||||||||| | ||
| 106 | _ar | ||
| 200 | 1 |
_aДерматоонкология _dDermatoonkology _f[Г.А. Галил-Оглы, В.А. Молочков, Ю.В. Сергеев Ю.В.] _gпод ред.: проф., д.м.н. Г.А. Галил-оглы [и др.] _zeng |
|
| 210 |
_aМ. _cМедицина для всех _d2005 _gОАО Можайский полигр. комб. |
||
| 215 |
_a870 с. _cтабл., цв. ил. _d25 |
||
| 300 | _aАвт. указаны на обл. и суперобл. | ||
| 300 | _aНа 5-й с. авт.: Галил-Оглы Г.А. д.м.н., проф., Молочков В.А. д.м.н., проф., Сергеев Ю.В. д.м.н., проф., акад. и др. | ||
| 320 | _aБиблиогр. в конце разд. | ||
| 320 | _aБиблиогр. в конце глав | ||
| 510 | 0 |
_aDermatoonkology _zeng |
|
| 606 | 1 |
_aКожа _xОпухоли _9973517 _3RU\NLR\auth\6646663 |
|
| 606 | 1 |
_aДерматоонкология _92409318 _3RU\NLR\auth\661435639 |
|
| 610 | 0 | _aЗдравоохранение. Медицинские науки -- Онкология -- Опухоли кожи и слизистых оболочек | |
| 686 |
_aР569.60,0 _2rubbk |
||
| 686 | _aР569.60 | ||
| 700 | 1 |
_4070 _7ca _8rus _aГалил-Оглы _bГ. А. _f1923-2005 _gГавриил Акимович _9125594 _3RU\NLR\auth\7715947 |
|
| 701 | 1 |
_4070 _7ca _8rus _aМолочков _bВ. А. _f1950- _gВладимир Алексеевич _965919 _3RU\NLR\auth\7782991 |
|
| 701 | 1 |
_4070 _7ca _8rus _aСергеев _bЮ. В. _cакад.-дерматолог _f1950- _gЮрий Валентинович _912106 _3RU\NLR\auth\7729077 |
|
| 801 | 0 |
_aRU _bRuMoRKP _c20050923 _grcr |
|
| 801 | 1 |
_aRU _bRuMoRGB _c20050923 |
|
| 801 | 2 |
_aRU _bNLR _c20051215 _grcr |
|
| 830 | _aавт. по кн. | ||
| 942 | _cBOOK | ||
| 980 | _aNB | ||